[Event "Warren Bottom-Half U1700 op"]
[Site "Warren"]
[Date "2003.06.22"]
[Round "5"]
[White "Giles, Jerome"]
[Black "Poniatowski, Donald"]
[Result "0-1"]
[WhiteElo "1480"]
[BlackElo "1350"]
[PlyCount "112"]
[EventDate "2003.06.21"]
[EventType "swiss"]
[EventRounds "5"]
[EventCountry "USA"]
[SourceTitle "EXT 2008"]
[Source "ChessBase"]
[SourceDate "2007.11.25"]
[SourceVersion "1"]
[SourceVersionDate "2007.11.25"]
[SourceQuality "1"]

1. e4 d5 2. exd5 Nf6 3. c4 e6 4. Nc3 exd5 5. Nf3 Nc6 6. d4 Bb4 7. Bd2 0-0 8. Bd3 Re8+ 9. Be3 Bxc3+ 10. bxc3 Be6 11. c5 Qd7 12. 0-0 Bf5 13. Ne5 Nxe5 14. dxe5 Bxd3 15. Qxd3 Ng4 16. Bd4 Nxe5 17. Qg3 Ng6 18. h4 h5 19. f4 Qf5 20. Rab1 b6 21. c6 Re6 22. Rb2 Rae8 23. Rbf2 Rxc6 24. Qg5 Qxg5 25. fxg5 Rf8 26. g4 hxg4 27. Rh2 Re6 28. h5 c5 29. hxg6 cxd4 30. cxd4 Rxg6 31. Kg2 f6 32. Rfh1 Rxg5 33. Rh8+ Kf7 34. Rxf8+ Kxf8 35. Rh8+ Kf7 36. Ra8 g3 37. Rxa7+ Kg6 38. Rb7 Rg4 39. Rxb6 Rxd4 40. Kxg3 Ra4 41. Rd6 Rxa2 42. Rxd5 Ra4 43. Rb5 f5 44. Rb6+ Kg5 45. Rb7 g6 46. Rb3 f4+ 47. Kh3 Kh5 48. Rb5+ g5 49. Rb8 Ra3+ 50. Kg2 Kg4 51. Rb2 f3+ 52. Kf2 Kh4 53. Rb1 g4 54. Rh1+ Kg5 55. Kg3 Ra2 56. Rf1 Rg2# 0-1

[Event "Warren Bottom-Half U1700 op"]
[Site "Warren"]
[Date "2003.06.22"]
[Round "4"]
[White "Giles, Jerome"]
[Black "Wood, Jack Patrick"]
[Result "0-1"]
[WhiteElo "1480"]
[BlackElo "1634"]
[PlyCount "64"]
[EventDate "2003.06.21"]
[EventType "swiss"]
[EventRounds "5"]
[EventCountry "USA"]
[SourceTitle "EXT 2008"]
[Source "ChessBase"]
[SourceDate "2007.11.25"]
[SourceVersion "1"]
[SourceVersionDate "2007.11.25"]
[SourceQuality "1"]

1. e4 d6 2. Nf3 e5 3. Bc4 Be7 4. Nc3 Nf6 5. d4 Nbd7 6. dxe5 dxe5 7. 0-0 c6 8. Qe2 b5 9. Bb3 a5 10. a3 Ba6 11. Qd1 b4 12. axb4 Bxf1 13. Kxf1 axb4 14. Rxa8 Qxa8 15. Na4 c5 16. Bg5 c4 17. Bxf6 gxf6 18. Qxd7+ Kxd7 19. Nb6+ Kc6 20. Nxa8 cxb3 21. cxb3 Rxa8 22. Ne1 Kc5 23. Ke2 Kd4 24. f3 Rc8 25. Kd2 Bf8 26. Nc2+ Kc5 27. Ne1 Bh6+ 28. Ke2 Kd4 29. g4 Bc1 30. Nd3 Rc2+ 31. Kd1 Kxd3 32. h4 Bd2 0-1